Central Library OPAC University of Rajshahi

Plight of Muslims in India / (Record no. 32641)

MARC details
000 -LEADER
fixed length control field 00775nam a2200277 i 4500
001 - CONTROL NUMBER
control field 32641
003 - CONTROL NUMBER IDENTIFIER
rucl marc code BD-RjUL
005 - DATE AND TIME OF LATEST TRANSACTION
control field 20211209051853.0
008 - FIXED-LENGTH DATA ELEMENTS--GENERAL INFORMATION
fixed length control field 140427s1977 enk 000 0 eng
020 ## - INTERNATIONAL STANDARD BOOK NUMBER
International Standard Book Number 0950281816 (hbk.)
-- 0950281824 (pbk.)
035 ## - SYSTEM CONTROL NUMBER
System control number (BD-RjUL)32731
-- (OCoLC)03061753
040 ## - CATALOGING SOURCE
Original cataloging agency DLC
Transcribing agency DLC
Modifying agency BD-RjUL
Language of cataloging eng
041 ## - LANGUAGE CODE
Language code of text/sound track or separate title eng
082 04 - DEWEY DECIMAL CLASSIFICATION NUMBER
Classification number 301.452971054
Author mark and year HAP 1977
100 1# - MAIN ENTRY--PERSONAL NAME
Personal name Harman, S.
9 (RLIN) 99304
245 10 - TITLE STATEMENT
Title Plight of Muslims in India /
Statement of responsibility, etc. S. Harman.
250 ## - EDITION STATEMENT
Edition statement 2d ed.
260 ## - PUBLICATION, DISTRIBUTION, ETC. (IMPRINT)
Place of publication, distribution, etc. London :
Name of publisher, distributor, etc. DL Publications,
Date of publication, distribution, etc. 1977.
300 ## - PHYSICAL DESCRIPTION
Pagination 207 p. ;
Size 22 cm.
650 #0 - SUBJECT ADDED ENTRY--TOPICAL TERM
Topical term or geographic name as entry element Muslims
Geographic subdivision India.
9 (RLIN) 99305
Topical term or geographic name as entry element Hindus.
9 (RLIN) 99306
651 #0 - SUBJECT ADDED ENTRY--GEOGRAPHIC NAME
Geographic name India
General subdivision Social conditions.
9 (RLIN) 99307
942 ## - ADDED ENTRY ELEMENTS (KOHA)
Source of classification or shelving scheme Dewey Decimal Classification
Koha item type Books
Holdings
Lost status Source of classification or shelving scheme Damaged status Not for loan Collection code Permanent Location Current Location Shelving location Date acquired Source of acquisition Cost, normal purchase price Total Checkouts Full call number Date last seen Copy number Koha item type
  Dewey Decimal Classification   Not For Loan Non-fiction Central Library, University of Rajshahi Central Library, University of Rajshahi Reading Room 29/05/1988 DL Publication 12.00   301.452971054 HAP 1977 27/04/2014 C-1 Books